• 首页
  • 本馆介绍
  • 公告通知
  • 最新文献
  • 馆藏检索
  • 电子资源
  • 读者导购
  • 参考咨询
  • 我的图书馆
  • 登录
  • 详细信息显示
  • 放入我的书架
  • 预约/预借图书
  • 作者相关作品
  • 分类相关作品
  • 丛书相关作品
  • 出版社相关作品

书目信息

  • 表格格式
  • 工作单格式
  • 卡片格式
题名:
丰富多彩的体育风尚
    
 
作者: 赵鑫 , 黄岩 , 杨春辉 编著
分册:  
出版信息: 长春   吉林人民出版社  2012
页数: 202页
开本: 23cm
丛书名:
单 册:
中图分类: G808.22-49 , G808.2
科图分类:
主题词: 项目(体育)--世界--通俗读物
电子资源:
ISBN: 978-7-206-09186-5
000 00852nam0 2200253 450
001 2375466052
005 20231129014243.80
010    @a978-7-206-09186-5@dCNY45.00
100    @a20121212d2012 em y0chiy50 ea
101 0  @achi
102    @aCN@b220000
105    @ay z 000yy
200 1  @a丰富多彩的体育风尚@Afeng fu duo cai de ti yu feng shang@f赵鑫,黄岩,杨春辉编著
210    @a长春@c吉林人民出版社@d2012
215    @a202页@d23cm
330    @a本书在讲述与世界各地体育运动项目有着密切关联的小故事的同时,展现人类将生活与体育自然而然地相结合的丰富多彩的体育风尚。
606 0  @a项目(体育)@y世界@j通俗读物
690    @aG808.22-49@v5
690    @aG808.2@v4
701  0 @a赵鑫@Azhao xin@4编著
701  0 @a黄岩@Ahuang yan@4编著
701  0 @a杨春辉@Ayang chun hui@c(体育)@4编著
801  0 @aCN@b91MARC@c20130904
905    @aZUCC@dG808.2@e3
    
    丰富多彩的体育风尚/赵鑫,黄岩,杨春辉编著.-长春:吉林人民出版社,2012
    202页;23cm
    
    
    ISBN 978-7-206-09186-5:CNY45.00
    本书在讲述与世界各地体育运动项目有着密切关联的小故事的同时,展现人类将生活与体育自然而然地相结合的丰富多彩的体育风尚。
●
相关链接 在五车中查询图书 在当当中查询图书 在豆瓣中查询图书


正题名:丰富多彩的体育风尚     索取号:G808.2/3         预约/预借

序号 登录号 条形码 馆藏地/架位号 状态 备注
1 2001009379   2001009379   第四书库/四8架B面4层1列/ [索取号:G808.2/3] 在馆    
2 2001009380   2001009380   第四书库/四8架B面4层1列/ [索取号:G808.2/3] 在馆    
3 2001009381   2001009381   第四书库/四8架B面4层1列/ [索取号:G808.2/3] 在馆    
4 2001009382   2001009382   第四书库/四8架B面4层1列/ [索取号:G808.2/3] 在馆    
5 2001009383   2001009383   第四书库/四8架B面4层1列/ [索取号:G808.2/3] 在馆    
6 2001009384   2001009384   第四书库/四8架B面4层1列/ [索取号:G808.2/3] 在馆    
山东省滨州职业学院图书馆 欢迎您!
大连网信软件有限公司© 版权所有